00702nam a22002057a 4500003000400000008004100004020001800045082001700063100000900080245013300089260003300222300005100255365003200306650003400338650002400372650001900396650002400415650003300439650002400472OSt260630b |||||||| |||| 00| 0 eng d a9781668467206 a613.94bI43R aIRMA aResearch Anthology on Advancements in Women's Health and Reproductive Rights / cby Information Resources Management Association a.- USAb: IGI Globalc, 2022 avol.- l, (xxv,543); vol.- ll, (xxv,544-1101)p. e2vol. Set. Price- 131712.00 aTechnology (Applied Sciences) aMedicine and Health aWomen's Health aReproductive Health aReproductive Health Services aReproductive Rights